[Event "Moscow op-B"]
[Site "Moscow"]
[Date "2009.02.03"]
[Round "4"]
[White "Kovach, Dmitri"]
[Black "Minnehanov, Eldar"]
[Result "1/2-1/2"]
[WhiteElo "1400"]
[BlackElo "1979"]
[PlyCount "74"]
[EventDate "2009.01.31"]
[EventType "swiss"]
[EventRounds "9"]
[EventCountry "RUS"]
[SourceTitle "EXT 2012"]
[Source "ChessBase"]
[SourceDate "2011.11.24"]
[SourceVersion "1"]
[SourceVersionDate "2011.11.24"]
[SourceQuality "1"]

1. e4 e5 2. Nf3 Nc6 3. Bb5 a6 4. Ba4 Nf6 5. 0-0 Nxe4 6. d4 b5 7. Bb3 d5 8. dxe5 Be6 9. c3 Bc5 10. Qe2 0-0 11. Be3 Qe7 12. h3 Bxe3 13. Qxe3 Rfd8 14. Nbd2 Bf5 15. Nd4 Nxd4 16. cxd4 c5 17. dxc5 d4 18. Qf4 Nxd2 19. Qxd2 Rac8 20. Rfe1 Rxc5 21. Qf4 Be6 22. Rad1 Bxb3 23. axb3 d3 24. Qe3 Rcd5 25. Rd2 h6 26. f4 Qb4 27. f5 Rxe5 28. Qxe5 Qxd2 29. f6 Qg5 30. Qxg5 hxg5 31. fxg7 d2 32. Rd1 Rd3 33. Kf2 Kxg7 34. Ke2 Rg3 35. Kf2 Rxb3 36. Rxd2 a5 37. Re2 a4 1/2-1/2

[Event "Moscow op-B"]
[Site "Moscow"]
[Date "2009.02.01"]
[Round "2"]
[White "Golovnin, Maxim"]
[Black "Minnehanov, Eldar"]
[Result "0-1"]
[WhiteElo "1400"]
[BlackElo "1979"]
[PlyCount "30"]
[EventDate "2009.01.31"]
[EventType "swiss"]
[EventRounds "9"]
[EventCountry "RUS"]
[SourceTitle "EXT 2012"]
[Source "ChessBase"]
[SourceDate "2011.11.24"]
[SourceVersion "1"]
[SourceVersionDate "2011.11.24"]
[SourceQuality "1"]

1. d4 Nf6 2. c4 e5 3. Nf3 exd4 4. Nxd4 d5 5. cxd5 Qxd5 6. Nc3 Bb4 7. Qa4+ Nc6 8. Nxc6 Bxc3+ 9. bxc3 Bd7 10. Ba3 Bxc6 11. Qb4 0-0-0 12. c4 Qg5 13. e3 Rhe8 14. Bc1 Qh4 15. g3 Qd4 0-1

[Event "Moscow op-B"]
[Site "Moscow"]
[Date "2009.02.01"]
[Round "3"]
[White "Minnehanov, Eldar"]
[Black "Asgarov, Mushfig Nizami"]
[Result "0-1"]
[WhiteElo "1979"]
[BlackElo "2192"]
[PlyCount "54"]
[EventDate "2009.01.31"]
[EventType "swiss"]
[EventRounds "9"]
[EventCountry "RUS"]
[SourceTitle "EXT 2012"]
[Source "ChessBase"]
[SourceDate "2011.11.24"]
[SourceVersion "1"]
[SourceVersionDate "2011.11.24"]
[SourceQuality "1"]

1. e4 c5 2. Nf3 d6 3. d4 cxd4 4. Nxd4 Nf6 5. Nc3 a6 6. Bc4 e6 7. 0-0 Be7 8. Bb3 0-0 9. f4 b5 10. e5 dxe5 11. fxe5 Nfd7 12. Be3 Nxe5 13. Qh5 Ng6 14. Rad1 Qc7 15. Nf3 Bb7 16. Rd2 Nd7 17. Qh3 Nc5 18. Rfd1 Rad8 19. Rxd8 Rxd8 20. Rxd8+ Qxd8 21. Nd4 Nxb3 22. axb3 Bc5 23. Nce2 e5 24. Nf5 Qd2 25. Kf2 Nf4 26. Qg4 Bxe3+ 27. Nxe3 h5 0-1